000 01516nam0a22003251 4500
001 v19\rc\1574394
005 20260406092333.0
035 _a(NLR Aleph) 005228249
090 _a5577432
_c5577432
100 _a20061002d1893 |||y0rusy50 ca
101 1 _arus
_cdan
102 _aRU
105 _aa z |||||
200 1 _aСистематика растений
_f[Соч.] д-ра Варминга, проф. ботаники в Копенгаг. ун-те
_gПер. с 3-го дат. изд. С. Ростовцева и М. Голенкина
_gС предисл. проф. К.А. Тимирязева
210 _aМосква
_cН.И. Мамонтов
_d1893
215 _a[2], VIII, 624, [2] с., 645 ил.
_d23
225 1 _aОсновы ботаники
700 1 _8rus
_7ca
_aВарминг
_bЙ. Э.
_f1841-1924
_gЙоханнес Эугениус
_3RU\NLR\AUTH\7775612
_958540
702 1 _4080
_8rus
_7ca
_aТимирязев
_bК. А.
_f1843-1920
_gКлимент Аркадьевич
_3RU\NLR\AUTH\7763064
_945994
702 1 _aРостовцев
_bС.И.
_f1862-1916
_gСемен Иванович
_4730
702 1 _aГоленкин
_bМ.И.
_f1864-1941
_gМихаил Ильич
_4730
790 1 _9z01700
_aВарминг
_bЕ.
_f1841-1924
_gЕвгений
801 0 _aRU
_bNLR
_c20061002
_gpsbo
801 0 _aRU
_bRuMoRGB
_c20061002
_2psbo
801 1 _aRU
_bProSoft-M
_c20061002
_2rusmarc
801 2 _aRU
_bNLR
_c20090408
_2rusmarc
852 _aNLR
_j18.186.4.10
852 _aNLR
_j33-5/555
942 _cBOOK
980 _aNB